Deal size and synergy gains: A case of Indian M&A (Record no. 525628)

000 -LEADER
fixed length control field 01168nam a22001457a 4500
008 - FIXED-LENGTH DATA ELEMENTS--GENERAL INFORMATION
fixed length control field 240328b ||||| |||| 00| 0 eng d
100 ## - MAIN ENTRY--PERSONAL NAME
Personal name Kalsie, Anjala and Singh, Neha
245 ## - TITLE STATEMENT
Title Deal size and synergy gains: A case of Indian M&A
260 ## - PUBLICATION, DISTRIBUTION, ETC. (IMPRINT)
Place of publication, distribution, etc Vikalpa: The Journal for Decision Makers
300 ## - PHYSICAL DESCRIPTION
Extent 48(4), Oct-Dec, 2023: p.255-268
520 ## - SUMMARY, ETC.
Summary, etc The article aims to estimate the relationship between synergy gains and deal size of mergers & acquisitions for Indian firms by examining deals that took place between 2005 and 2015. The paper employs principal component analysis to create a composite variable representing operating and financial synergy, followed by instrument variable 2SLS regression to estimate the relationship. The results suggest that small dealsize transactions do considerably better than large deals. The magnitude of financial synergy increases with deal size . However, large companies suffer substantial operating synergistic erosion. – Reproduced

https://journals.sagepub.com/doi/full/10.1177/02560909231216186
773 ## - HOST ITEM ENTRY
Main entry heading Vikalpa: The Journal for Decision Makers
906 ## - LOCAL DATA ELEMENT F, LDF (RLIN)
Subject DIP CORPORATE GOVERNANCE
942 ## - ADDED ENTRY ELEMENTS (KOHA)
Item type Articles
Holdings
Withdrawn status Lost status Source of classification or shelving scheme Damaged status Not for loan Permanent location Current location Date acquired Serial Enumeration / chronology Barcode Date last seen Koha item type
          Indian Institute of Public Administration Indian Institute of Public Administration 2024-03-28 48(4), Oct-Dec, 2023: p.255-268 AR131425 2024-03-28 Articles

Powered by Koha